banner-ar

التطور الدلالى للالفاظ فى الشعر العربى السياسى المعاصر ( 1950 م - 1990 م ) : (Record no. 62680)

MARC details
000 -الفاتح
حقل البيانات ثابتة الطول 00955nam a22002177a 4500
005 - وقت وتاريخ اخر تعامل مع التسجيلة
رقم الضبط 20240530110602.0
008 - عناصر البيانات ثابتة الطول - معلومات عامة
حقل البيانات ثابتة الطول 160919s2014 ua a f b 00| p ara d
017 ## - رقم الايداع القانونى
رقم الايداع القانونى 2014/15900
المصدر ( الهيئة المختصة) مصر . دار الكتب المصرية
020 ## - الرقم الدولى المعيارى للكتب
الرقم الدولى المعيارى للكتاب 9789774489631
040 ## - مصدر الفهرسة
وكالة الفهرسة الأصلية EG-CaGPL
082 04 - رقم تصنيف ديوى العشرى
رقم الطبعة 21
رقم التصنيف 811.009\
رقم المادة أ ت
100 0# - المدخل الرئيسى - إسم شخصى
الإسم الشخصى اشرف محمد السعدى
245 12 - بيان العنوان
العنوان التطور الدلالى للالفاظ فى الشعر العربى السياسى المعاصر ( 1950 م - 1990 م ) :
بقية العنوان دراسة دلالية /
بيان المسئوليه,etc اشرف محمد السعدى
260 ## - PUBLICATION, DISTRIBUTION, ETC. (IMPRINT)
تاريخ النشر أو التوزيع 2014 .
300 ## - الوصف المادى
التعداد 392 ص. :
تفاصيل ماديه اخرى للوعاء ايض ؛
أبعاد الوعاء 24 سم .
504 ## - تبصرة ببليوجرافية
تبصرة ببليوجرافية,الخ يشتمل على ارجاعات ببليوجرافية
650 04 - المدخل الاضافى بالموضوع-مصطلح موضوعى
مصطلح موضوعي الادب العربى
650 04 - المدخل الاضافى بالموضوع-مصطلح موضوعى
مصطلح موضوعي الشعر العربى
التقسيم الفرعي العام تاريخ و نقد
650 04 - المدخل الاضافى بالموضوع-مصطلح موضوعى
مصطلح موضوعي الشعر السياسى
التقسيم الفرعي العام تاريخ و نقد
942 ## - عناصر المدخل الإضافي( كوها)
مصدر التصنيف او مخطط الترفيف Dewey Decimal Classification
Koha [default] item type كتاب
260 ## - PUBLICATION, DISTRIBUTION, ETC. (IMPRINT)
-- القاهرة :
-- الهيئة المصرية العامة للكتاب ،
Holdings
حالة التراجع حالة الفقد حالة تلف ليس للاعارة المكان المؤقت الموقع الحالى تاريخ الاكتساب اجمالي اﻻعارات رقم الطلب الباركود تاريخ اخر مشاهدة تاريخ تفعيل السعر نوع وعاء كوها
        مكتبة القاهرة الكبرى مكتبة القاهرة الكبرى 09/21/2016   811.009\ أ ت 162482 09/21/2016 09/21/2016 كتاب

Powered By

EGPV